00450nam a2200145 a 450008200140000010000190001424500560003326000370008930000080012665000110013465000230014594200080016895201130017699900150028900a297.4 PAR aParimala, Mary aParallel Concepts in Sufism and Christian Mysticism aHyderabad bParimala, Maryc1991 a142 aSufism aMysticism-Critique cGSB 00104070aHMIbHMId2017-03-30eParimala, Maryg100.00l0o297.4 PAR1p14530r2007-05-11w2026-01-16yRRB c6998d6998